000 00566nam a2200217Ia 4500
008 160819s9999 xx 000 0 und d
020 _a978-232-122-5
050 _aCUL TX 724.5
050 _b.T5S53 2001
100 _aShashi, Azrah Kamala.
245 _aDelightful Thai food /
245 _cAzrah Kamala Shashi.
260 _aSingapore :
260 _bTimes Media Private Ltd.,
260 _c2001
300 _a83 pages :
300 _bcolor illustrations ;
300 _c24 cm.
440 _aCelebrity chefs' cookbooks
650 _aCookery -- Thai.
999 _c300662
_d300662